| 000 | 00851nam a22002177a 4500 | ||
|---|---|---|---|
| 999 |
_c19401 _d19401 |
||
| 003 | AR-CdUCM | ||
| 008 | 190517b ||||| |||| 00| 0 spa d | ||
| 040 |
_aMUNICIPALIDAD PROVINCIAL DEL CUSCO _cBIBLIOTECA MUNICIPAL DEL CUSCO |
||
| 082 |
_22ed _a337.980 / _bEL47 |
||
| 100 |
_aEllis, Howard S. _940721 |
||
| 245 | _aEl desarrollo económico y América Latina / | ||
| 260 |
_aMéxico : _bFondo de cultura económica, _c1963. |
||
| 300 |
_a553 páginas ; _c21 cm. |
||
| 505 | _aContenido: El desarrollo económico y América Latina -- José Antonio Mayobre. La promulgación global como instrumentos de política de desarrollo económico... | ||
| 650 |
_aAmérica Latina _91130 |
||
| 650 |
_aEconomía _9382 |
||
| 650 |
_aInflación _94615 |
||
| 700 |
_aWallich, Henry C. (colaboración) _940722 |
||
| 942 |
_2ddc _cLIBROS |
||
| 945 |
_adavv _d2019-05-17 |
||